| 000 | 00335nam a22001337a 4500 | ||
|---|---|---|---|
| 008 | 190225b xxu||||| |||| 00| 0 eng d | ||
| 020 | _a9780814110751 | ||
| 041 | _aeng | ||
| 080 | _a371 | ||
| 100 | _a25 | ||
| 101 | _aEDU | ||
| 245 |
_aDeep Revision. A Guide for Teachers, Students and Other Writers _cWillis, M,.S |
||
| 942 |
_2udc _cBK |
||
| 999 |
_c54194 _d54194 |
||